00555 2200169 4500001002100000008004100021035002000062245009800082100001500180260005000195300003300245020002200278084001600300082001000316650004600326990001300372INLIS000000000000263 ind  a0010-0120000263 aMembangun Akidah dan Akhlak 1buntuk Kelas VII Madrasah TsanawiyahcT. Ibrahim dan H. Darsono aIbrahim, T aSolo :bTiga Serangkai Pustaka Mandiri,c2013 axii, 116 hlm.c17,6 x 25 cm. a978-602-257-005-9 a2X5.1 IBR m a2X5.1 aAkidah dan Akhlak -- Studi dan Pengajaran a21900263